Komunikácia medzi virtuálnymi kontajnermi

Salvato in:
Dettagli Bibliografici
Autore principale: Tkáč, Šimon (Autore)
Altri autori: Medvecký, Martin (Relatore della tesi)
Natura: Manoscritto Libro
Lingua:slovacco
Pubblicazione: Bratislava : STU v Bratislave FEI, 2023
Soggetti:
Accesso online:https://opac.crzp.sk/?fn=detailBiblioFormChildG15HSK&sid=DDCD2C6FBCAD481F284AC7B200E4&seo=CRZP-detail-kniha
Tags: Aggiungi Tag
Nessun Tag, puoi essere il primo ad aggiungerne!!

MARC

LEADER 00000ntm a22000003a 4500
001 stuzp96584
003 SK-STU
005 20250328131005.4
007 ta
008 150427s2015----xo-----f-mn---000-0-slo-d
040 |a STU  |b slo 
041 0 |a slo 
044 |a xo 
100 1 |a Tkáč, Šimon  |u 037000  |4 aut  |U FEI Fakulta elektrotechniky a informatiky  |T FEI Ústav multimediálnych informačných a komunikačných technológií  |X 110907  |U E070  |Y 818  |7 110907 
242 0 1 |a Communication between virtual containers  |y eng 
245 1 0 |a Komunikácia medzi virtuálnymi kontajnermi 
260 |a Bratislava :  |b STU v Bratislave FEI,  |c 2023 
300 |a 54 s., príl. 
650 4 |a kontajner  |2 slo 
650 4 |a docker  |2 slo 
650 4 |a lxc  |2 slo 
650 4 |a container  |2 eng 
650 4 |a docker  |2 eng 
650 4 |a lxc  |2 eng 
700 1 |a Medvecký, Martin  |u 039101  |k Z8  |4 ths  |U FEI Sekretariát dekana  |T FEI Kancelária dekana  |X 1980  |U 039101  |Y 700  |7 A000001980 
856 4 |u https://opac.crzp.sk/?fn=detailBiblioFormChildG15HSK&sid=DDCD2C6FBCAD481F284AC7B200E4&seo=CRZP-detail-kniha